00389cam a22001217a 4500008004000000082001400040245009500054260002600149300000800175500003200183650003400215700001800249180718b1957 xxu||||| |||| 00| 0 eng d aA2:B An72 aAnnals of the social sciences: a bibliographical survey, 1401-1918cedited by Hideo Yamada aTokyobDobunkanc1957 a-v- aContents: v.1., 1957. 560p. aSocial Science - Bibliography aYamada, Hideo